Noticiario del Instituto Internacional Americano de Protección a la Infancia / Suplemento del Boletín Suplemento del Boletín

Publicat: Montevideo : [s.n.] , 1946
Descripció física: 1 volum : periodicitat irregular ; 23 x 16 cm
Idioma: Català

MARC

LEADER 00000nas a2200000 a 4500
001 29066
003 AGDB
005 20260324181540.0
008 251126b spa||||| |||| 00| 0 cat d
022 |a 0797-7190 
040 |a agdb  |b cat 
245 |a Noticiario del Instituto Internacional Americano de Protección a la Infancia /  |b Suplemento del Boletín 
260 |a Montevideo :  |b [s.n.],  |c 1946 
300 |a 1 volum :  |b periodicitat irregular ;  |c 23 x 16 cm 
500 |a Prové del fons Dolors Canals i Farriols (1913-2010) 
650 0 |a Fons Dolors Canals i Farriols (1913-2010)  |9 72778 
650 0 |a Infants  |x Situació legal, lleis, etc.  |9 72824 
651 0 |a Montevideo (Uruguai)  |v Revistes  |9 72825 
710 |a Instituto Internacional Americano de Protección a la Infancia  |9 72823 
773 |g Noticiario del Instituto Internacional Americano de Protección a la Infancia, 1942-1957 
866 |a núm. 29 (maig 1946) 
942 |2 udc  |c ARXIU  |n 1 
952 |0 0  |1 0  |2 udc  |4 0  |6 F50319  |7 1  |9 98705  |a Arxiu  |b Arxiu  |d 2025-11-26  |h núm. 29 (maig 1946)  |l 0  |o F-503-19  |p 29066  |r 2025-11-26 13:09:53  |w 2025-11-26  |y ARXIU 
999 |c 130439  |d 130439